[Event "SVK-chT2B 1415"]
[Site "Slovakia"]
[Date "2014.12.07"]
[Round "6.5"]
[White "Uhrik, Boris"]
[Black "Valovic, Stefan"]
[Result "1-0"]
[WhiteElo "1905"]
[BlackElo "1948"]
[PlyCount "117"]
[EventDate "2014.10.11"]
[EventType "team-tourn"]
[EventRounds "11"]
[EventCountry "SVK"]
[SourceTitle "EXT 2019"]
[Source "ChessBase"]
[SourceDate "2018.10.10"]
[SourceVersion "1"]
[SourceVersionDate "2018.10.10"]
[SourceQuality "1"]
[WhiteTeam "Surany Lokomotiva"]
[BlackTeam "Nitra NSK II"]
[WhiteTeamCountry "SVK"]
[BlackTeamCountry "SVK"]

1. e4 d5 2. exd5 Qxd5 3. c4 Qa5 4. Nc3 c6 5. d4 Nf6 6. h3 Bf5 7. Nf3 Nbd7 8. Bd3 e6 9. Bxf5 Qxf5 10. 0-0 h5 11. Nh4 Qa5 12. Nf3 Bd6 13. Re1 0-0-0 14. Qa4 Qxa4 15. Nxa4 Nh7 16. Be3 Kb8 17. Red1 f6 18. Nc3 Bb4 19. Ne2 Nb6 20. b3 Rhe8 21. a3 Bf8 22. Nf4 h4 23. Ng6 e5 24. dxe5 Rxd1+ 25. Rxd1 Bxa3 26. exf6 Nxf6 27. Ngxh4 Ne4 28. Nf5 g6 29. N5h4 Rg8 30. Ne5 g5 31. Nhf3 Be7 32. Re1 Nc5 33. b4 Ncd7 34. Nxd7+ Nxd7 35. Bxa7+ Kxa7 36. Rxe7 Nb6 37. Re4 Nc8 38. Rg4 Re8 39. Nxg5 Re1+ 40. Kh2 Re2 41. c5 Ne7 42. h4 Rb2 43. Nh3 Nf5 44. h5 Re2 45. Rf4 Nh6 46. g4 Ka6 47. g5 Ng8 48. h6 Ne7 49. h7 Ng6 50. Rf6 Re7 51. Rxg6 Rxh7 52. Re6 Kb5 53. Re4 b6 54. cxb6 Kxb6 55. f4 Rd7 56. f5 Rd2+ 57. Kg3 Rd3+ 58. Kg4 Rd1 59. f6 1-0